| 000 | 00932nac a22002891u 4500 | ||
|---|---|---|---|
| 003 | EG-ScBUE | ||
| 005 | 20211115110307.0 | ||
| 008 | 200219r20011994le f 000 d eng d | ||
| 020 | _a9953102686 | ||
| 020 | _a9789953102689 | ||
| 040 |
_aEG-ScBUE _beng _erda _cEG-ScBUE _dEG-ScBUE |
||
| 082 | 0 | 4 |
_a822.6 _bSHE _222 |
| 100 | 1 |
_aSheridan, Richard Brinsley, _d1751-1816, _eauthor. |
|
| 245 | 1 | 4 |
_aThe school for scandal : _bwith an introduction, a guide, notes and a glossary / _cRichard Sheridan. |
| 250 | _aReprint edition. | ||
| 264 | 1 |
_aBeirut : _bYork Press, _c2001. |
|
| 300 |
_axxii, 193 pages ; _c20 cm. |
||
| 336 |
_2rdacontent _atext _btxt |
||
| 337 |
_2rdamedia _aunmediated _bn |
||
| 338 |
_2rdacarrier _avolume _bnc |
||
| 490 | 0 | _aYork classics | |
| 650 | 7 |
_aEnglish drama _y18th century. _2BUEsh |
|
| 651 | _2BUEsh | ||
| 653 |
_bHHUUEENN _cNovember2021 |
||
| 655 |
_vReading book _934232 |
||
| 942 |
_cBB _2ddc |
||
| 999 |
_c261 _d261 |
||